Mixed culture fermentations
Salvato in:
| Autore principale: | |
|---|---|
| Natura: | Libro |
| Lingua: | inglese |
| Pubblicazione: |
Londres
Academic
1981
|
| Serie: | Special publications of the Society for General Microbiology
|
| Soggetti: | |
| Tags: |
Aggiungi Tag
Nessun Tag, puoi essere il primo ad aggiungerne!!
|
MARC
| LEADER | 00000nam a2200000 a 4500 | ||
|---|---|---|---|
| 001 | UCU7252 | ||
| 003 | CL-VaPUC | ||
| 008 | 960628e19810000UK |||||||||||||||||eng|d | ||
| 082 | 0 | 4 | |a 660.284 |b BUS |2 21 |
| 100 | 0 | |a Bushell, M. E |e author |9 365917 | |
| 245 | 1 | 0 | |a Mixed culture fermentations |
| 300 | |a 175 p | ||
| 942 | |c BK | ||
| 945 | |d 19960628 00:00:00 |a paguirre | ||
| 260 | |a Londres |b Academic |c 1981 | ||
| 650 | 0 | |a Tecnología química |9 263002 | |
| 650 | 0 | |a Microbiología |9 259706 | |
| 650 | 0 | |a Biotecnología |9 259561 | |
| 650 | 0 | |a Fermentación |9 259565 | |
| 650 | 0 | |a Cinética |9 260943 | |
| 650 | 0 | |a Bacterias |9 298237 | |
| 650 | 0 | |a Hongos |9 261629 | |
| 650 | 0 | |a Yogurt |9 365919 | |
| 583 | |a last modification |c 19960628 00:00:00 |k Rodrigo Vera | ||
| 490 | 0 | |a Special publications of the Society for General Microbiology | |
| 999 | |c 249928 |d 249926 | ||
| 952 | |0 0 |1 0 |4 0 |6 660_284000000000000_BUS_1981 |7 0 |8 A |9 267500 |a BIBING |b BIBING |d 2019-11-19 |i 1699024 |o 660.284 BUS 1981 |p 1699024 |r 2025-01-20 |w 2019-11-19 |y BK |k EIQ | ||